000 00328 a2200157 4500
001 73087
020 _a8576663538
040 _cAnchieta - Colégio São Paulo
100 _aMarqueti, Elza
240 1 0 _aGeografia
_lpor
245 1 0 _aGeografia
300 _a136
362 0 _a0
650 4 _aGeografia e viagens
942 _cBK
999 _c73087
_d73087